000 00453nam a2200145Ia 4500
041 _aKurdish
082 _a320 cut-282 ع
100 _a20260118u\\\\\\\\\\\y0engy0103\\\\ba
100 _aفەرسەت ئەحمەد عەبدولڵا
245 0 _aدیموکراسى سیاسەت چاپى سێیەم بە دەستکارییەوە ٢٦٩٩ کوردى
250 _aچ1
260 _bچاپخانە خەبات
_aدهۆک
300 _a104
942 _cBk
999 _c189784
_d189784